[Event "Battle of Alberta"]
[Site "Red Deer CAN"]
[Date "2019.09.07"]
[Round "1.10"]
[White "Vasic, Maxim"]
[Black "Arakelian, Henadzi"]
[Result "1/2-1/2"]
[WhiteElo "2064"]
[BlackElo "2138"]
[PlyCount "65"]
[EventDate "2019.08.07"]
[EventType "team"]
[EventRounds "2"]
[EventCountry "CAN"]
[WhiteTeam "South"]
[BlackTeam "North"]

1. d4 Nf6 2. c4 c5 3. d5 b5 4. cxb5 a6 5. bxa6 g6 6. Nc3 Bxa6 7. g3 Bg7 8. Bg2
d6 9. Nf3 O-O 10. O-O Nbd7 11. Qc2 Qb6 12. b3 Rfc8 13. Rb1 Qa7 14. h3 Rab8 15.
Rd1 Rb4 16. a3 Rb7 17. e4 Qb8 18. Bf1 Bxf1 19. Rxf1 Ne8 20. a4 c4 21. Nb5 cxb3
22. Qxb3 Nc5 23. Qc4 Nc7 24. Bb2 Nxb5 25. Bxg7 Na3 26. Rxb7 Qxb7 27. Qc3 Nb3
28. Qb2 Nc4 29. Qc3 Ncd2 30. Nxd2 Rxc3 31. Bxc3 Nxd2 32. Bxd2 h5 33. a5 1/2-1/2

[Event "Battle of Alberta"]
[Site "Red Deer CAN"]
[Date "2019.08.07"]
[Round "1.11"]
[White "Frialde, Arniel"]
[Black "Srinivasan, Hemant"]
[Result "1-0"]
[WhiteElo "2134"]
[BlackElo "2044"]
[PlyCount "111"]
[EventDate "2019.08.07"]
[EventType "team"]
[EventRounds "2"]
[EventCountry "CAN"]
[WhiteTeam "North"]
[BlackTeam "South"]

1. d4 d5 2. c4 e6 3. Nf3 Be7 4. g3 Nf6 5. Bg2 O-O 6. O-O c5 7. Qc2 Na6 8. a3
cxd4 9. Nxd4 e5 10. Nf5 dxc4 11. Nxe7+ Qxe7 12. Qxc4 Be6 13. Qh4 Nc5 14. Nd2
Bf5 15. b4 Ne6 16. Ne4 Bxe4 17. Bxe4 h6 18. Bg2 Nd4 19. e3 Ne2+ 20. Kh1 Rac8
21. Bf3 Nxc1 22. Raxc1 e4 23. Bg2 Rxc1 24. Rxc1 Qe5 25. Qf4 Qb2 26. Rf1 Qxa3
27. Bxe4 Nxe4 28. Qxe4 b6 29. Rd1 Rc8 30. Rd7 Qc1+ 31. Kg2 a5 32. bxa5 bxa5 33.
h4 Qa1 34. Qf5 Qa2 35. Ra7 Qc4 36. Rxa5 Qc6+ 37. e4 Re8 38. Rd5 Qc2 39. Rd4 Qb2
40. Rd7 Qa2 41. Qd5 Qxd5 42. exd5 Kf8 43. d6 Rc8 44. Kf3 Re8 45. Kf4 g6 46. g4
Kg7 47. g5 hxg5+ 48. hxg5 Kg8 49. Re7 Rd8 50. Ke5 Kf8 51. f3 Ra8 52. Kf6 Rd8
53. Rxf7+ Kg8 54. d7 Kh8 55. Re7 Rf8+ 56. Ke6 1-0

[Event "Battle of Alberta"]
[Site "Red Deer CAN"]
[Date "2019.08.07"]
[Round "1.12"]
[White "Raninga, Aditya"]
[Black "Windram, James"]
[Result "1/2-1/2"]
[WhiteElo "2005"]
[BlackElo "2073"]
[PlyCount "31"]
[EventDate "2019.08.07"]
[EventType "team"]
[EventRounds "2"]
[EventCountry "CAN"]
[WhiteTeam "South"]
[BlackTeam "North"]

1. e4 c5 2. Nf3 Nc6 3. d3 g6 4. g3 Bg7 5. Bg2 d6 6. c3 e5 7. Na3 Nge7 8. Bg5
Be6 9. Qd2 Rb8 10. Nc2 O-O 11. d4 cxd4 12. cxd4 d5 13. exd5 Bxd5 14. dxe5 Nxe5
15. Ncd4 Nxf3+ 16. Nxf3 1/2-1/2

[Event "Battle of Alberta"]
[Site "Red Deer CAN"]
[Date "2019.08.07"]
[Round "2.1"]
[White "Zhao, Ian"]
[Black "Banerjee, Bitan"]
[Result "0-1"]
[WhiteElo "2384"]
[BlackElo "2487"]
[PlyCount "74"]
[EventDate "2019.08.07"]
[EventType "team"]
[EventRounds "2"]
[EventCountry "CAN"]
[WhiteTeam "South"]
[BlackTeam "North"]

1. e4 c5 2. Nf3 d6 3. Bb5+ Nd7 4. c3 a6 5. Ba4 Ngf6 6. Qe2 e6 7. O-O Be7 8. d4
b5 9. Bc2 Bb7 10. Re1 Qc7 11. Bd3 e5 12. d5 c4 13. Bc2 O-O 14. Nbd2 Rfe8 15.
Nf1 Bf8 16. Ng3 g6 17. h3 Bg7 18. Be3 Nc5 19. Nh2 Bc8 20. Ng4 Nxg4 21. hxg4 Na4
22. Rab1 Bd7 23. f3 Rab8 24. Bxa4 bxa4 25. Rbd1 Rb7 26. Bc1 a3 27. bxa3 Ba4 28.
Rd2 Reb8 29. Qe3 Bf6 30. Rde2 Qb6 31. Qxb6 Rxb6 32. Nf1 Rb1 33. g5 Bd8 34. Nd2
Ra1 35. Nxc4 Rbb1 36. Nxd6 Rxc1 37. Kf1 Be7 0-1

[Event "Battle of Alberta"]
[Site "Red Deer CAN"]
[Date "2019.08.07"]
[Round "2.2"]
[White "Valencia, Belsar"]
[Black "Yam, Alex"]
[Result "1/2-1/2"]
[WhiteElo "2341"]
[BlackElo "2354"]
[PlyCount "80"]
[EventDate "2019.08.07"]
[EventType "team"]
[EventRounds "2"]
[EventCountry "CAN"]
[WhiteTeam "North"]
[BlackTeam "South"]

1. c4 c5 2. Nc3 g6 3. g3 Bg7 4. Bg2 Nc6 5. Nf3 d6 6. O-O e5 7. d3 Nge7 8. Ne1
O-O 9. Nc2 Be6 10. Ne3 Qd7 11. Ned5 Bh3 12. Bg5 f6 13. Bd2 Bxg2 14. Kxg2 Nxd5
15. cxd5 Nd4 16. a4 b6 17. e3 Nf5 18. Rb1 Rac8 19. Qe2 a6 20. g4 Nh6 21. f3 b5
22. axb5 axb5 23. e4 b4 24. Nd1 f5 25. gxf5 gxf5 26. Ne3 f4 27. Nc4 Qc7 28. Kh1
Kh8 29. Qg2 Bf6 30. Rg1 Nf7 31. Qh3 Ng5 32. Qh4 Rg8 33. Rg4 Qe7 34. Rbg1 Nf7
35. Rxg8+ Rxg8 36. Rxg8+ Kxg8 37. Qg4+ Kh8 38. Qc8+ Kg7 39. Qg4+ Kh8 40. Qc8+
Kg7 1/2-1/2

[Event "Battle of Alberta"]
[Site "Red Deer CAN"]
[Date "2019.08.07"]
[Round "2.3"]
[White "South, Robert"]
[Black "Arruebarrena, Rafael"]
[Result "1/2-1/2"]
[WhiteElo "2289"]
[BlackElo "2334"]
[PlyCount "87"]
[EventDate "2019.08.07"]
[EventType "team"]
[EventRounds "2"]
[EventCountry "CAN"]
[WhiteTeam "South"]
[BlackTeam "North"]

1. d4 Nf6 2. c4 e6 3. Nc3 Bb4 4. Qc2 d5 5. cxd5 Qxd5 6. Nf3 Qf5 7. Qxf5 exf5 8.
Bd2 c6 9. e3 O-O 10. Bc4 Be6 11. Bxe6 fxe6 12. Ne2 Bxd2+ 13. Nxd2 Nbd7 14. Nc4
Nd5 15. Rc1 b6 16. O-O c5 17. Rfd1 Rac8 18. Nd6 Rc6 19. dxc5 Nxc5 20. Nb5 a6
21. Ned4 Rcc8 22. Nd6 Rcd8 23. Nc4 Rfe8 24. Nc6 Rc8 25. Nxb6 Rxc6 26. Nxd5 exd5
27. b4 Rec8 28. bxc5 Rxc5 29. Rxc5 Rxc5 30. Kf1 Ra5 31. Rd2 Kf7 32. Ke2 Ke6 33.
Kd3 Ra3+ 34. Kd4 Kd6 35. Rb2 Ra4+ 36. Kc3 Kc5 37. Rd2 Rc4+ 38. Kd3 d4 39. Rb2
dxe3 40. Kxe3 g5 41. Rb8 Rc3+ 42. Kd2 Ra3 43. Rb2 h5 44. Kc2 1/2-1/2

[Event "Battle of Alberta"]
[Site "Red Deer CAN"]
[Date "2019.08.07"]
[Round "2.4"]
[White "Caldera, Anuar"]
[Black "South, Fred"]
[Result "0-1"]
[WhiteElo "2297"]
[BlackElo "2289"]
[PlyCount "96"]
[EventDate "2019.08.07"]
[EventType "team"]
[EventRounds "2"]
[EventCountry "CAN"]
[WhiteTeam "North"]
[BlackTeam "South"]

1. d4 Nf6 2. c4 e6 3. Nc3 Bb4 4. e3 O-O 5. Nge2 d6 6. a3 Bxc3+ 7. Nxc3 e5 8.
Be2 Nc6 9. b4 exd4 10. exd4 Re8 11. O-O Ne4 12. Nxe4 Rxe4 13. Be3 Qf6 14. Bf3
Re8 15. Qd2 Qg6 16. Rfe1 Bg4 17. Bd5 Be6 18. Rac1 Rac8 19. Bf3 Bg4 20. Be2 Bxe2
21. Rxe2 d5 22. Qc2 Ne7 23. Qxg6 hxg6 24. c5 Nf5 25. Rce1 Re6 26. f3 Rce8 27.
Kf2 Ra6 28. g4 Nxe3 29. Rxe3 Rxe3 30. Rxe3 Kf8 31. h4 f6 32. Kg3 Kf7 33. Kf4
Ra4 34. Rb3 Ke6 35. Ke3 Kd7 36. Kf4 Ke6 37. Re3+ Kf7 38. Kg3 Ra6 39. Kf2 Ra4
40. Ke2 Ra6 41. Kd2 Re6 42. b5 Rxe3 43. Kxe3 g5 44. hxg5 fxg5 45. f4 Kf6 46.
fxg5+ Kxg5 47. a4 Kxg4 48. a5 b6 0-1

[Event "Battle of Alberta"]
[Site "Red Deer CAN"]
[Date "2019.08.07"]
[Round "2.5"]
[White "Malek, Omid"]
[Black "Gardner, Robert"]
[Result "1-0"]
[WhiteElo "2263"]
[BlackElo "2146"]
[PlyCount "85"]
[EventDate "2019.08.07"]
[EventType "team"]
[EventRounds "2"]
[EventCountry "CAN"]
[WhiteTeam "South"]
[BlackTeam "North"]

1. d4 d6 2. e4 Nf6 3. Nc3 g6 4. f4 Bg7 5. Nf3 c5 6. d5 O-O 7. Be2 b5 8. Bxb5
Nxe4 9. Nxe4 Qa5+ 10. Nfd2 Qxb5 11. c4 Qa6 12. O-O Nd7 13. Qe2 Nf6 14. Nc3 Bg4
15. Qf2 Bf5 16. Qf3 Ng4 17. Ne2 Rab8 18. h3 Nh6 19. g4 Bxb2 20. Bxb2 Rxb2 21.
Qc3 Rc2 22. Qe3 Nxg4 23. hxg4 Bxg4 24. Ng3 Qa5 25. Nde4 Rxc4 26. f5 Qa4 27.
Rae1 Rc2 28. f6 exf6 29. Nxf6+ Kg7 30. Rf4 Qxa2 31. Nxg4 Qxd5 32. Re4 Qd2 33.
Qf3 Qg5 34. Ne3 Ra2 35. Rg4 Qd8 36. Nh5+ Kh8 37. Nf6 Qa5 38. Rf1 c4 39. Qf4 Ra1
40. Qh6 Rxf1+ 41. Nxf1 Qb6+ 42. Kh1 Qb7+ 43. Rg2 1-0

[Event "Battle of Alberta"]
[Site "Red Deer CAN"]
[Date "2019.08.07"]
[Round "2.6"]
[White "Miller, David"]
[Black "Haessel, Dale"]
[Result "0-1"]
[WhiteElo "2212"]
[BlackElo "2251"]
[PlyCount "76"]
[EventDate "2019.08.07"]
[EventType "team"]
[EventRounds "2"]
[EventCountry "CAN"]
[WhiteTeam "North"]
[BlackTeam "South"]

1. d4 Nf6 2. c4 c6 3. Nc3 d5 4. cxd5 cxd5 5. Bf4 Nc6 6. e3 e6 7. Bd3 Bd6 8. Nf3
Bxf4 9. exf4 Bd7 10. O-O Qb6 11. Bb5 O-O 12. Ne5 Nxe5 13. fxe5 Bxb5 14. Nxb5
Ne4 15. Qd3 a6 16. Nc3 Qxb2 17. Nxe4 dxe4 18. Qxe4 Rad8 19. Rfb1 Rxd4 20. Qxh7+
Kxh7 21. Rxb2 b5 22. Rc1 Rc8 23. Re1 Kg6 24. g3 Rc3 25. Ree2 b4 26. f4 a5 27.
Kf2 Rd1 28. Re3 Kf5 29. Rb3 Rc2+ 30. Re2 Rdd2 31. Rxd2 Rxd2+ 32. Ke3 Rxa2 33.
Kd4 Rxh2 34. Kc5 Ra2 35. Kb5 Ra3 36. Rb1 Kg4 37. Rd1 b3 38. Rb1 Kxg3 0-1

[Event "Battle of Alberta"]
[Site "Red Deer CAN"]
[Date "2019.08.07"]
[Round "2.7"]
[White "Brebrich, Branimir"]
[Black "Veneracion, Paolo"]
[Result "1/2-1/2"]
[WhiteElo "2225"]
[BlackElo "2164"]
[PlyCount "70"]
[EventDate "2019.08.07"]
[EventType "team"]
[EventRounds "2"]
[EventCountry "CAN"]
[WhiteTeam "South"]
[BlackTeam "North"]

1. d4 Nf6 2. c4 d6 3. Nf3 g6 4. Nc3 Bg7 5. g3 O-O 6. Bg2 c6 7. O-O Nbd7 8. Qc2
Qc7 9. b3 e5 10. Ba3 exd4 11. Nxd4 a5 12. Rad1 Nc5 13. e4 Nfd7 14. f4 Qb6 15.
Kh1 Re8 16. Nde2 Qc7 17. Qd2 Bf8 18. Bb2 b6 19. Qd4 f6 20. e5 dxe5 21. fxe5
Rxe5 22. Nf4 Bb7 23. Nfd5 cxd5 24. Nxd5 Rxd5 25. Bxd5+ Kh8 26. Rde1 Rd8 27. Qh4
Nd3 28. Bxf6+ Nxf6 29. Qxf6+ Bg7 30. Qe7 Qxe7 31. Rxe7 Bxd5+ 32. cxd5 Bf8 33.
Rb7 Bc5 34. Rff7 Nb4 35. Rxh7+ Kg8 1/2-1/2

[Event "Battle of Alberta"]
[Site "Red Deer CAN"]
[Date "2019.08.07"]
[Round "2.8"]
[White "Van den Born, Ico"]
[Black "Kostadinov, Georgi"]
[Result "1-0"]
[WhiteElo "2132"]
[BlackElo "2213"]
[Annotator "Neven,Knut Gunther"]
[PlyCount "84"]
[EventDate "2019.08.07"]
[EventType "team"]
[EventRounds "2"]
[EventCountry "CAN"]
[WhiteTeam "North"]
[BlackTeam "South"]

1. c4 e5 2. g3 Nf6 3. Bg2 Nc6 4. Nc3 Bb4 5. Nd5 Bc5 6. e3 O-O 7. a3 a5 8. b3 d6
9. Bb2 Re8 10. Ne2 Nxd5 11. cxd5 Ne7 12. d4 exd4 13. Nxd4 Ng6 14. O-O Bd7 15.
Rc1 Rc8 16. Qd2 Bb6 17. h3 Ne7 18. Qc3 f6 19. Qd3 c6 20. dxc6 bxc6 21. Nxc6
Nxc6 22. Bxc6 Bxh3 23. Rfd1 Bc5 24. Bxe8 Qxe8 25. b4 axb4 26. axb4 Bg4 27. Qc4+
Be6 28. Qf4 Bb6 29. Rxc8 Qxc8 30. Qxd6 Bg4 31. Rc1 Qa6 32. Qd5+ Kf8 33. Ra1 Qe2
34. Ra8+ Ke7 35. Qb7+ Bd7 36. Ba3 Bc7 37. Ra7 Qd1+ 38. Kg2 Kf7 39. b5 Kg6 40.
b6 Bxb6 41. Qe4+ Kh6 42. Kh2 Bc5 {SCORESHEET ILLEGIBLE} 1-0

[Event "Battle of Alberta"]
[Site "Red Deer CAN"]
[Date "2019.08.07"]
[Round "2.9"]
[White "Chandra, Anand"]
[Black "Villavieja, Butch"]
[Result "0-1"]
[WhiteElo "2090"]
[BlackElo "2143"]
[PlyCount "66"]
[EventDate "2019.08.07"]
[EventType "team"]
[EventRounds "2"]
[EventCountry "CAN"]
[WhiteTeam "South"]
[BlackTeam "North"]

1. e4 c5 2. Nf3 g6 3. d4 Bg7 4. c3 cxd4 5. cxd4 d6 6. Nc3 Nf6 7. h3 O-O 8. Be2
a6 9. O-O b5 10. a3 Bb7 11. Bd3 Nbd7 12. Re1 Nb6 13. Bf4 Rc8 14. Bh2 Nc4 15.
Qb3 Qa5 16. Rac1 Bh6 17. Rc2 Nb6 18. Ree2 Nh5 19. Re1 Nf4 20. Bf1 Na4 21. g3
Ne6 22. h4 Nxc3 23. bxc3 Rc7 24. d5 Nc5 25. Qb4 Qa4 26. Nd4 Bg7 27. Rd2 Qxb4
28. cxb4 Na4 29. Bh3 Rc4 30. Red1 Nc3 31. Bf1 Nxd1 32. Bxc4 Nc3 33. Bb3 Bxd4
0-1

[Event "Battle of Alberta"]
[Site "Red Deer CAN"]
[Date "2019.08.07"]
[Round "2.10"]
[White "Arakelian, Henadzi"]
[Black "Vasic, Maxim"]
[Result "0-1"]
[WhiteElo "2138"]
[BlackElo "2064"]
[PlyCount "44"]
[EventDate "2019.08.07"]
[EventType "team"]
[EventRounds "2"]
[EventCountry "CAN"]
[WhiteTeam "North"]
[BlackTeam "South"]

1. c4 e5 2. Nc3 Nc6 3. g3 g6 4. Bg2 Bg7 5. e3 d6 6. Nge2 Be6 7. Qa4 Nge7 8. d4
exd4 9. exd4 Bd7 10. Qd1 Nf5 11. d5 Ne5 12. b3 Qe7 13. O-O g5 14. Rb1 O-O-O 15.
Ne4 g4 16. Nf4 Nd4 17. Bb2 Nef3+ 18. Kh1 Qxe4 19. Nh5 Be5 20. Bxd4 Qxd4 21. Qc2
Qd2 22. Qd1 Qg5 0-1

[Event "Battle of Alberta"]
[Site "Red Deer CAN"]
[Date "2019.08.07"]
[Round "2.11"]
[White "Srinivasan, Hemant"]
[Black "Frialde, Arniel"]
[Result "1-0"]
[WhiteElo "2044"]
[BlackElo "2134"]
[Annotator "Neven,Knut Gunther"]
[PlyCount "27"]
[EventDate "2019.08.07"]
[EventType "team"]
[EventRounds "2"]
[EventCountry "CAN"]
[WhiteTeam "South"]
[BlackTeam "North"]

1. d4 Nf6 2. c4 d6 3. Nc3 e5 4. dxe5 dxe5 5. Qxd8+ Kxd8 6. Nf3 Nbd7 7. Bg5 c6
8. O-O-O Kc7 9. e3 Bb4 10. Nb1 a5 11. a3 Bd6 12. Bh4 h6 13. Be2 g5 14. Bg3 {
SCORESHEET ILLEGIBLE} 1-0

[Event "Battle of Alberta"]
[Site "Red Deer CAN"]
[Date "2019.08.07"]
[Round "2.12"]
[White "Windram, James"]
[Black "Raninga, Aditya"]
[Result "0-1"]
[WhiteElo "2072"]
[BlackElo "2005"]
[PlyCount "56"]
[EventDate "2019.08.07"]
[EventType "team"]
[EventRounds "2"]
[EventCountry "CAN"]
[WhiteTeam "North"]
[BlackTeam "South"]

1. e4 Nc6 2. Nf3 d5 3. exd5 Qxd5 4. Nc3 Qa5 5. d4 Bg4 6. d5 O-O-O 7. Bd2 Ne5 8.
Qe2 Nxf3+ 9. gxf3 Bf5 10. Nb5 Qb6 11. Qe5 e6 12. c4 f6 13. Qc3 exd5 14. Be3 d4
15. Bxd4 Bc5 16. O-O-O a6 17. Bxc5 Rxd1+ 18. Kxd1 Qxc5 19. Nd4 Nh6 20. Nxf5
Qxf5 21. Kc1 Re8 22. h4 Kb8 23. Bg2 Qf4+ 24. Kb1 Re2 25. Rd1 Rxf2 26. Rd4 Qf5+
27. Kc1 Rxg2 28. Rd8+ Ka7 0-1

[Event "Berthiaume-Bourbonnais m"]
[Site "Gatineau CAN"]
[Date "2019.11.26"]
[Round "1"]
[White "Berthiaume, Serge"]
[Black "Bourbonnais, Luc"]
[Result "0-1"]
[WhiteElo "1403"]
[BlackElo "1440"]
[PlyCount "68"]
[EventDate "2019.11.26"]
[EventType "match"]
[EventRounds "2"]
[EventCountry "CAN"]

1. d4 Nf6 2. Bf4 g6 3. e3 Bg7 4. Nf3 d6 5. Bd3 O-O 6. c3 c5 7. Nbd2 Nc6 8. h4
h6 9. Qc2 cxd4 10. exd4 Nd5 11. Be3 e5 12. dxe5 Nxe3 13. fxe3 dxe5 14. O-O-O f5
15. Bc4+ Kh8 16. Ne4 Qe7 17. Nd6 Be6 18. Bxe6 Qxe6 19. Kb1 Qe7 20. Nc4 Rad8 21.
g3 Rxd1+ 22. Rxd1 Rd8 23. Rd2 Rxd2 24. Ncxd2 b5 25. Qb3 b4 26. cxb4 e4 27. Nh2
Nxb4 28. a3 Nd3 29. Nc4 Qc7 30. Nf1 h5 31. a4 Kh7 32. Qc2 Qc5 33. b3 Qb4 34.
Ncd2 Qa3 0-1

[Event "Berthiaume-Bourbonnais m"]
[Site "Gatineau CAN"]
[Date "2019.12.03"]
[Round "2"]
[White "Bourbonnais, Luc"]
[Black "Berthiaume, Serge"]
[Result "1-0"]
[WhiteElo "1440"]
[BlackElo "1403"]
[PlyCount "69"]
[EventDate "2019.11.26"]
[EventType "match"]
[EventRounds "2"]
[EventCountry "CAN"]

1. Nf3 d5 2. g3 Nc6 3. Bg2 e5 4. d3 Nf6 5. O-O Bd6 6. Nbd2 O-O 7. e4 d4 8. Nc4
Bc5 9. Ncxe5 Nxe5 10. Nxe5 Ne8 11. c3 f6 12. Qb3+ Kh8 13. Nf7+ Rxf7 14. Qxf7
Nd6 15. Qb3 Qe7 16. Bf4 Nf7 17. Rfe1 g5 18. Bd2 Bb6 19. Rad1 Ne5 20. Bc1 Be6
21. Qc2 Qd7 22. cxd4 Bxd4 23. Be3 c5 24. Bxd4 cxd4 25. Rc1 Bg4 26. Kh1 Qf7 27.
Qc7 Qh5 28. Qe7 Nf3 29. Qxf6+ Kg8 30. Bxf3 Bxf3+ 31. Kg1 Rf8 32. Qe6+ Kg7 33.
Rc7+ Kh8 34. Qe5+ Kg8 35. Qg7# 1-0

[Event "Bobby Fischer mem."]
[Site "Calgary CAN"]
[Date "2019.08.06"]
[Round "5"]
[White "Haessel, Dale"]
[Black "Nugyen, Kim"]
[Result "1-0"]
[WhiteElo "2278"]
[BlackElo "2093"]
[PlyCount "127"]
[EventDate "2019.07.09"]
[EventType "swiss"]
[EventRounds "5"]
[EventCountry "CAN"]

1. d4 Nf6 2. c4 e6 3. Nc3 Bb4 4. e3 O-O 5. Bd3 d5 6. cxd5 exd5 7. Nge2 Bd6 8.
Bd2 Re8 9. Rc1 a6 10. O-O b6 11. f3 c5 12. Qe1 Nc6 13. Qh4 g6 14. dxc5 bxc5 15.
b3 Bb7 16. Rfd1 Ne5 17. Bb1 Bc6 18. e4 d4 19. Bg5 Ned7 20. Rd2 Be7 21. Nd1 Qa5
22. Nb2 Nxe4 23. Bxe4 Qxd2 24. Bxd2 Bxh4 25. Bxc6 Rxe2 26. Nc4 Ra7 27. Kf1 Rf2+
28. Kg1 Ne5 29. Be1 Nxc6 30. Bxf2 Bxf2+ 31. Kxf2 Nb4 32. Nb2 Re7 33. a3 Nd5 34.
Rxc5 Nc3 35. Nc4 Re2+ 36. Kf1 d3 37. Rc8+ Kg7 38. Rd8 Ra2 39. Rxd3 Nb5 40. a4
Nc7 41. Rd7 Ne6 42. Ne5 Kf6 43. Nc4 Nf4 44. Rd6+ Kg5 45. g3 Ne6 46. h4+ Kf5 47.
Rd2 Rxd2 48. Nxd2 Ke5 49. Ke2 Kd4 50. b4 Kc3 51. b5 axb5 52. axb5 Nd4+ 53. Ke3
Nxb5 54. Ne4+ Kc4 55. Ng5 f5 56. Nxh7 Nc7 57. Kf4 Kd4 58. Nf8 Nd5+ 59. Kg5 Ke3
60. Nxg6 Kxf3 61. h5 Kxg3 62. h6 f4 63. Nxf4 Nxf4 64. h7 1-0

[Event "British Columbia op"]
[Site "Richmond CAN"]
[Date "2019.02.16"]
[Round "1.1"]
[White "Morozov, Grigory"]
[Black "Salcedo, Daniel E"]
[Result "1-0"]
[WhiteElo "2377"]
[BlackElo "2016"]
[PlyCount "93"]
[EventDate "2019.02.16"]
[EventType "swiss"]
[EventRounds "6"]
[EventCountry "CAN"]

1. d4 Nf6 2. c4 g6 3. Nc3 d5 4. Bf4 c6 5. e3 Bg7 6. Nf3 O-O 7. Qb3 dxc4 8. Bxc4
b5 9. Be2 Be6 10. Qc2 Nbd7 11. Ng5 Bc4 12. Bxc4 bxc4 13. Qa4 Nd5 14. Qxc4 e5
15. dxe5 Nxe5 16. Bxe5 Qxg5 17. Bg3 Nxc3 18. bxc3 Qb5 19. Qxb5 Bxc3+ 20. Ke2
cxb5 21. Rab1 b4 22. Rhd1 a5 23. Rd5 Rfd8 24. e4 Rxd5 25. exd5 a4 26. Kd3 Rd8
27. d6 a3 28. Kc4 Kf8 29. Rd1 Ke8 30. Rd5 Kd7 31. Rc5 Ke6 32. Rc7 Rd7 33. f3 f5
34. Rxd7 Kxd7 35. Bf2 Be5 36. h3 Bxd6 37. Be1 b3 38. Kxb3 Kc6 39. Bb4 Bf4 40.
Bxa3 g5 41. g4 fxg4 42. hxg4 Kd5 43. Bb2 Be3 44. a4 Kc5 45. Bf6 Kd5 46. Kb4 Ke6
47. Bc3 1-0

[Event "British Columbia op"]
[Site "Richmond CAN"]
[Date "2019.02.16"]
[Round "1.2"]
[White "Patterson, Roger"]
[Black "Sohal, Tanraj"]
[Result "0-1"]
[WhiteElo "2001"]
[BlackElo "2370"]
[PlyCount "78"]
[EventDate "2019.02.16"]
[EventType "swiss"]
[EventRounds "6"]
[EventCountry "CAN"]

1. c4 e6 2. Nf3 d5 3. e3 Nf6 4. Nc3 Be7 5. d4 O-O 6. Bd3 dxc4 7. Bxc4 a6 8. O-O
b5 9. Bb3 Bb7 10. Qe2 c5 11. Rd1 Qb6 12. dxc5 Bxc5 13. h3 Ne4 14. Nxe4 Bxe4 15.
Bd2 h6 16. Bc3 Nc6 17. Ne5 Nxe5 18. Bxe5 Bf5 19. Qf3 Rfd8 20. Rxd8+ Qxd8 21.
Rd1 Qe8 22. Bd6 Rc8 23. Qb7 Bxd6 24. Rxd6 a5 25. Bd1 Rd8 26. Qb6 Rxd6 27. Qxd6
Qc8 28. Qd2 b4 29. Bf3 Qc5 30. Qd1 g5 31. Qd8+ Kg7 32. Qd4+ Qxd4 33. exd4 Bd3
34. g4 Kf6 35. Kg2 e5 36. dxe5+ Kxe5 37. Kg3 Kd4 38. h4 Bc4 39. a3 Kd3 0-1

[Event "British Columbia op"]
[Site "Richmond CAN"]
[Date "2019.02.16"]
[Round "1.3"]
[White "Kaufman, Raymond"]
[Black "Kagaoan, Jose"]
[Result "1-0"]
[WhiteElo "2356"]
[BlackElo "1993"]
[PlyCount "61"]
[EventDate "2019.02.16"]
[EventType "swiss"]
[EventRounds "6"]
[EventCountry "CAN"]

1. e4 d6 2. d4 c6 3. Nc3 Nf6 4. a4 Nbd7 5. Nf3 Qc7 6. Bc4 e6 7. O-O Be7 8. Bf4
e5 9. Bg3 O-O 10. h3 Nh5 11. Bh2 Nf4 12. Bxf4 exf4 13. Qd2 g5 14. Rfe1 Nb6 15.
Bd3 a5 16. Rad1 Bd7 17. e5 d5 18. Qe2 Kg7 19. Nh2 h5 20. Qxh5 Rh8 21. Qf3 Rh4
22. Bf1 g4 23. Qxf4 gxh3 24. Qg3+ Kh8 25. e6 Qxg3 26. fxg3 Rxd4 27. exd7 Rxd1
28. Rxe7 hxg2 29. Re8+ Kg7 30. Nxd1 gxf1=Q+ 31. Nxf1 1-0

[Event "British Columbia op"]
[Site "Richmond CAN"]
[Date "2019.02.16"]
[Round "1.4"]
[White "James, Rowan"]
[Black "Sali, Zulfikar"]
[Result "1/2-1/2"]
[WhiteElo "1961"]
[BlackElo "2308"]
[PlyCount "120"]
[EventDate "2019.02.16"]
[EventType "swiss"]
[EventRounds "6"]
[EventCountry "CAN"]

1. e4 c5 2. Nf3 d6 3. Bb5+ Bd7 4. Bxd7+ Qxd7 5. O-O Nc6 6. c3 Nf6 7. d4 e6 8.
Re1 Be7 9. Bg5 h6 10. Bxf6 gxf6 11. dxc5 dxc5 12. Qxd7+ Kxd7 13. Nbd2 Bd6 14.
Nc4 Bc7 15. Rad1+ Ke7 16. Rd3 Rad8 17. Red1 Rxd3 18. Rxd3 b5 19. Ne3 c4 20. Rd1
Bb6 21. Nc2 Rc8 22. Ncd4 a6 23. Kf1 Nb8 24. a4 bxa4 25. Ra1 Bxd4 26. Nxd4 Kd6
27. Rxa4 Rc5 28. Nc2 Nc6 29. Ne3 a5 30. Nxc4+ Kc7 31. Na3 Kb6 32. Ke2 Rg5 33.
g3 Rg8 34. b4 axb4 35. cxb4 Rd8 36. b5 Na5 37. Nc4+ Nxc4 38. Rxc4 Kxb5 39. Rc7
Rf8 40. Kf3 Kb6 41. Re7 Kc6 42. Kg4 Kd6 43. Ra7 Ke5 44. f3 h5+ 45. Kxh5 Rh8+
46. Kg4 Rxh2 47. Rxf7 Rh6 48. Rd7 Rg6+ 49. Kh3 Rg8 50. Kg2 Rb8 51. Kf2 Rb3 52.
Ke2 f5 53. exf5 exf5 54. Rd2 Rb1 55. Ke3 Re1+ 56. Re2 Rd1 57. g4 fxg4 58. fxg4
Kf6 59. Kf2 Kg5 60. Re4 Rd3 1/2-1/2

[Event "British Columbia op"]
[Site "Richmond CAN"]
[Date "2019.02.16"]
[Round "1.5"]
[White "Nyamdorj, Davaa-Ochir"]
[Black "Zheng, Victor"]
[Result "1-0"]
[WhiteElo "2282"]
[BlackElo "1951"]
[PlyCount "81"]
[EventDate "2019.02.16"]
[EventType "swiss"]
[EventRounds "6"]
[EventCountry "CAN"]

1. e4 c5 2. Nf3 d6 3. Bb5+ Bd7 4. Bxd7+ Qxd7 5. d4 cxd4 6. Qxd4 Nc6 7. Qd3 g6
8. O-O Bg7 9. c4 Nf6 10. Nc3 O-O 11. h3 a6 12. Bg5 Rab8 13. Rac1 b5 14. b3 Rfc8
15. Rfe1 Nb4 16. Qe2 bxc4 17. bxc4 Nc6 18. Nd5 Nxd5 19. cxd5 Nd4 20. Nxd4 Rxc1
21. Rxc1 Bxd4 22. Qxa6 Kg7 23. Qc4 Qa7 24. Qe2 Rb2 25. Rc2 Qxa2 26. Rxb2 Qxb2
27. Qxb2 Bxb2 28. Bxe7 Be5 29. g3 f5 30. exf5 gxf5 31. Kg2 Kf7 32. Bg5 Bd4 33.
Kf3 Bc5 34. Be3 Bb4 35. Ke2 Kf6 36. Kd3 Ke5 37. Kc4 Ba3 38. f3 Kf6 39. Kb3 f4
40. Bd4+ Kf5 41. g4+ 1-0

[Event "British Columbia op"]
[Site "Richmond CAN"]
[Date "2019.02.16"]
[Round "1.6"]
[White "Ausan, Leo Tito jr"]
[Black "Kenney, Jason"]
[Result "0-1"]
[WhiteElo "1937"]
[BlackElo "2253"]
[PlyCount "84"]
[EventDate "2019.02.16"]
[EventType "swiss"]
[EventRounds "6"]
[EventCountry "CAN"]

1. e4 c5 2. Nf3 e6 3. d4 cxd4 4. Nxd4 Nc6 5. Nb5 d6 6. N1c3 a6 7. Nd4 Nf6 8.
Nxc6 bxc6 9. Bd3 d5 10. e5 Nd7 11. Bf4 g5 12. Bg3 Bg7 13. Qe2 d4 14. Nb1 Bxe5
15. Nd2 Qc7 16. Nc4 Bxg3 17. hxg3 a5 18. O-O-O Ba6 19. Rxh7 Rxh7 20. Bxh7 Bxc4
21. Qxc4 c5 22. Be4 Rb8 23. Rh1 Ke7 24. Qe2 c4 25. Qd1 Qc5 26. Kd2 Nf6 27. Qf3
c3+ 28. bxc3 dxc3+ 29. Ke2 Qe5 30. Re1 Qxe4+ 31. Qxe4 Nxe4 32. Kd3 Nxf2+ 33.
Kxc3 f5 34. Re5 Ra8 35. a4 Ne4+ 36. Kd3 Kd6 37. Rb5 Nc5+ 38. Ke3 Nxa4 39. g4
Nc5 40. gxf5 exf5 41. Kd4 Ne6+ 42. Kd3 a4 0-1

[Event "British Columbia op"]
[Site "Richmond CAN"]
[Date "2019.02.16"]
[Round "1.7"]
[White "Nunez Asencio, Jorge"]
[Black "Taylor, Tristan"]
[Result "0-1"]
[WhiteElo "2244"]
[BlackElo "1920"]
[PlyCount "86"]
[EventDate "2019.02.16"]
[EventType "swiss"]
[EventRounds "6"]
[EventCountry "CAN"]

1. Nf3 Nf6 2. d4 e6 3. c4 b6 4. g3 Bb7 5. Bg2 Be7 6. O-O O-O 7. Re1 Ne4 8. d5
exd5 9. cxd5 Bf6 10. Nfd2 Nc5 11. Nb3 Nba6 12. Nd4 Nb4 13. Nf5 d6 14. a3 Nba6
15. Nc3 Nb8 16. Qc2 a5 17. Bf4 a4 18. Rad1 Nbd7 19. e4 Re8 20. Be3 Ba6 21. f4
Bc4 22. Qb1 Bxc3 23. bxc3 Ra5 24. Rd2 Rb5 25. Qd1 Nf6 26. Rd4 Bb3 27. Qe2 Ra5
28. Bd2 Ra8 29. e5 Bc2 30. Nxg7 Kxg7 31. Be3 Bf5 32. exf6+ Qxf6 33. g4 Bd7 34.
Rdd1 Kg8 35. c4 Re7 36. f5 Rae8 37. Qd2 Qh4 38. h3 Ne4 39. Qd4 Ng5 40. Kh2 Ne4
41. Re2 Qg3+ 42. Kg1 Ng5 43. Rd3 Nf3+ 0-1